Very Difficult Flags #18 - Statistics

General Stats
  • This quiz has been taken 52 times
  • The average score is 3 of 16
Answer Stats
Picture Answer % Correct
Paraguay
100%
Missouri
29%
Estonia (OLD)
25%
Dagestan
21%
Nova Scotia
21%
Aichi
8%
Kiribati (OLD)
8%
Wallachia
8%
Kugelmugel
6%
Tottori
6%
Westarctica
6%
Perth
4%
Atlantium
2%
Qashqai
2%
Redonda
2%
Turkmenili
2%
No matching quizzes found
Score Distribution
Percent of People with Each Score
Percentile by Number Answered
Your Score History
You have not taken this quiz